Zkušenosti z měření a řízení výkonnosti podniku

Problematika merania a riadenia výkonnosti. Príspevok predstavuje a porovnáva tradičné a moderné prístupy k meraniu výkonnosti, ukazuje využitie synergie prepojenia rôznych konceptov ako efektívnu možnosť využitia predností týchto konceptov pre reálnu podnikateľskú prax. EVA ako koncept pre meranie...

Full description

Saved in:
Bibliographic Details
Main Author: Pavelková, Drahomíra
Format: Book Chapter
Language:Czech
Subjects:
Tags: Add Tag
No Tags, Be the first to tag this record!

MARC

LEADER 00000naa$a2200000$$$4500
001 0092712
005 20220511122600.9
041 0 |a cze 
044 |a SK 
245 1 0 |a Zkušenosti z měření a řízení výkonnosti podniku  |c Drahomíra Pavelková 
520 |a Problematika merania a riadenia výkonnosti. Príspevok predstavuje a porovnáva tradičné a moderné prístupy k meraniu výkonnosti, ukazuje využitie synergie prepojenia rôznych konceptov ako efektívnu možnosť využitia predností týchto konceptov pre reálnu podnikateľskú prax. EVA ako koncept pre meranie a riadenie výkonnosti, BSC, EFQM , benchmarking. 
610 2 0 |a podnik 
610 2 0 |a výkonnosť 
610 2 0 |a meranie 
610 2 0 |a riadenie 
610 2 0 |a výkony podnikové 
100 1 |a Pavelková, Drahomíra